Statistics for Slovakia Or Slovenia?

Click here to take the quiz!

General Stats

  • This quiz has been taken 44 times
    (43 since last reset)
  • The average score is 9 of 11

Answer Stats

QuestionAnswer% Correct
Was part of YugoslaviaSlovenia
98%
Is landlockedSlovakia
93%
Capital city is LjubljanaSlovenia
93%
Contains part of the Julian AlpsSlovenia
93%
Larger by areaSlovakia
88%
Further northSlovakia
88%
Largest river is Danube RiverSlovakia
88%
Second largest city is KošiceSlovakia
86%
The internet TLD is .siSlovenia
79%
Lightning over the Tatras is the anthemSlovakia
70%
Highest elevationSlovenia
51%

Score Distribution

Percentile by Number Answered

Percent of People with Each Score

Your Score History

You have not taken this quiz since the last reset